Curso de álgebra superior

保存先:
書誌詳細
第一著者: Kurosh, Aleksandr Gennadievich (著者)
フォーマット: 図書
言語:スペイン語
出版事項: Moscú Mir 1968
主題:
タグ: タグ追加
タグなし, このレコードへの初めてのタグを付けませんか!

MARC

LEADER 00000nam a2200000 a 4500
001 UCQ8984
003 CL-VaPUC
008 981217e19680000ru |||||||||||||||||spa|d
082 0 4 |a 512  |b KUR  |2 21 
100 |a Kurosh, Aleksandr Gennadievich  |e author  |9 566255 
245 1 0 |a Curso de álgebra superior 
300 |a 442 p 
942 |c BK 
945 |d 19981217 00:00:00  |a crobeson 
260 |a Moscú  |b Mir  |c 1968 
650 0 |a Álgebra  |9 259567 
650 0 |a Álgebra lineal   |9 260445 
650 0 |a Ecuaciones lineales   |9 342219 
650 0 |a Matrices   |9 22 
650 0 |a Números complejos  |9 270335 
650 0 |a Polinomios  |9 270626 
650 7 |a FORMAS CUADRATICAS  |2 CL-VaPUC  |9 270195 
650 7 |a ESPACIOS LINEALES  |2 CL-VaPUC  |9 422403 
650 7 |a ESPACIOS EUCLIDEANOS  |2 CL-VaPUC  |9 422309 
650 7 |a CAMPOS  |2 CL-VaPUC  |9 422158 
650 7 |a GRUPOS  |2 CL-VaPUC  |9 336429 
583 |a last modification  |c 20171123 02:41:37  |k Rodrigo Vera 
999 |c 278146  |d 278144 
952 |0 0  |1 0  |4 0  |6 512_000000000000000_KUR_1968  |7 0  |8 A  |9 316532  |a BIBMAT  |b BIBMAT  |d 2019-11-20  |i 1310747  |o 512 KUR 1968  |p 1310747  |r 2025-01-07  |w 2019-11-20  |y BK  |k MAT